| 000 | 00968nam a22003617a 4500 | ||
|---|---|---|---|
| 005 | 20231123122808.0 | ||
| 008 | 180307b xxu||||| |||| 00| 0 spa d | ||
| 020 | _a9789968591775 | ||
| 041 | _aESP | ||
| 082 | _a344.01 B858m | ||
| 100 |
_aBriones Briones, Eric _943427 |
||
| 245 | _aManual práctico empresarial de relaciones laborales | ||
| 260 | _aCosta Rica | ||
| 260 | _bISOLMA | ||
| 260 | _c2017 | ||
| 300 | _a476 páginas | ||
| 650 | _aCOSTA RICA | ||
| 650 | _aLEGISLACIÓN LABORAL | ||
| 650 | _aRELACIONES LABORALES | ||
| 650 | _aEMPRESARIOS | ||
| 650 | _aCONTRATACIÓN LABORAL | ||
| 650 | _aDERECHO LABORAL | ||
| 650 | _aHOSTIGAMIENTOS LABORALES | ||
| 650 | _aINCAPACIDADES | ||
| 650 | _aJORNADAS LABORALES | ||
| 650 | _aLICENCIAS LABORALES | ||
| 650 | _aREFORMAS LABORALES | ||
| 650 | _aSALARIOS | ||
| 650 | _aEXTINCIÓN CONTRACTUAL | ||
| 650 | _aSEGURIDAD SOCIAL | ||
| 650 | _aPROTECCIÓN COLECTIVA | ||
| 942 |
_cBK _2ddc |
||
| 999 |
_c10406 _d10406 |
||